<?xml version="1.0" encoding="UTF-8"?><?xml-stylesheet type="text/xsl" href="static/style.xsl"?><OAI-PMH xmlns="http://www.openarchives.org/OAI/2.0/" xmlns:xsi="http://www.w3.org/2001/XMLSchema-instance" xsi:schemaLocation="http://www.openarchives.org/OAI/2.0/ http://www.openarchives.org/OAI/2.0/OAI-PMH.xsd"><responseDate>2026-04-17T20:12:52Z</responseDate><request verb="GetRecord" identifier="oai:www.recercat.cat:2072/421918" metadataPrefix="marc">https://recercat.cat/oai/request</request><GetRecord><record><header><identifier>oai:recercat.cat:2072/421918</identifier><datestamp>2025-04-07T19:55:39Z</datestamp><setSpec>com_2072_98</setSpec><setSpec>col_2072_378196</setSpec></header><metadata><record xmlns="http://www.loc.gov/MARC21/slim" xmlns:dcterms="http://purl.org/dc/terms/" xmlns:xsi="http://www.w3.org/2001/XMLSchema-instance" xmlns:doc="http://www.lyncode.com/xoai" xsi:schemaLocation="http://www.loc.gov/MARC21/slim http://www.loc.gov/standards/marcxml/schema/MARC21slim.xsd">
   <leader>00925njm 22002777a 4500</leader>
   <datafield ind2=" " ind1=" " tag="042">
      <subfield code="a">dc</subfield>
   </datafield>
   <datafield ind2=" " ind1=" " tag="720">
      <subfield code="a">Pastor Ortiz, Roger</subfield>
      <subfield code="e">author</subfield>
   </datafield>
   <datafield ind2=" " ind1=" " tag="720">
      <subfield code="a">Universitat Autònoma de Barcelona. Escola d'Enginyeria</subfield>
      <subfield code="e">author</subfield>
   </datafield>
   <datafield ind2=" " ind1=" " tag="260">
      <subfield code="c">2015</subfield>
   </datafield>
   <datafield ind2=" " ind1=" " tag="520">
      <subfield code="a">Aquest projecte planteja el disseny d'unes pràctiques acadèmiques sobre programaciò paral·lela. Per realitzar aquest disseny es duu a terme la construcció i configuració d'un clúster format per plaques Raspberry Pi en el que s'avalua el rendiment de l'execució d'uns programes paral·lels que s'han escrit en C. Aquests mateixos programes s'utilitzen posteriorment en l'elaboració de les pràctiques, que es basen en escriure'ls i avaluar els resultats de la seva execució en un sistema com el descrit en aquest projecte.</subfield>
   </datafield>
   <datafield ind2=" " ind1=" " tag="520">
      <subfield code="a">Este proyecto plantea el diseño de unas prácticas académicas sobre programación paralela. Para realizar este diseño se realiza la construcción y configuración de un clúster formado por placas Raspberry Pi en el cual se evalua el rendimiento de la ejecución de unos programas paralelos que se han escrito en C. Estos mismos programas se utilizan posteriormente en la elaboración de las prácticas, que se basan en escribirlos y evaluar los resultados de su ejecución en un sistema como el descrito en este proyecto.</subfield>
   </datafield>
   <datafield ind2=" " ind1=" " tag="520">
      <subfield code="a">This thesis objective is to design practices guides about parallel computing. To do this design, a construction and configuration of a cluster form by Raspberry Pi's is done. In it, some programs written in C are tested to see how the cluster performs. This same programs are used later to elaborate the practices, which are about writing them and evaluating the results of their execution in a system similar to the one described in the project.</subfield>
   </datafield>
   <datafield tag="653" ind2=" " ind1=" ">
      <subfield code="a">Ensenyament assistit per ordinador Processament de dades</subfield>
   </datafield>
   <datafield tag="653" ind2=" " ind1=" ">
      <subfield code="a">Informàtica Ensenyament assistit per ordinador</subfield>
   </datafield>
   <datafield ind2="0" ind1="0" tag="245">
      <subfield code="a">Sistema distribuït amb Raspberry Pi's enfocat a docència</subfield>
   </datafield>
</record></metadata></record></GetRecord></OAI-PMH>